| 000 | 004790000a22001690004500 | ||
|---|---|---|---|
| 041 | 0 | _aENG | |
| 082 | 0 | 4 | _aG 282 C6921a |
| 100 | 1 | _aColeman, William J. (Jackson) (1911-) | |
| 245 | 1 | 0 | _aLatin America catholicism : A self evaluation / William J. Coleman |
| 260 | _aNew York, USA : World Horizont Reports | ||
| 300 | _a105 Pag | ||
| 001 | 8657 | ||
| 942 | _cBK | ||
| 999 |
_c38791 _d38791 |
||
| 336 |
_atexto _btxt _2rdacontent |
||
| 337 |
_2rdamedia _asin mediación _bn |
||
| 338 |
_2rdacarrier _avolumen _bnc |
||